Central Library OPAC University of Rajshahi

Saint and Sufi in modern Egypt : (Record no. 32953)

MARC details
000 -LEADER
fixed length control field 00954nam a2200301 4500
001 - CONTROL NUMBER
control field 32953
003 - CONTROL NUMBER IDENTIFIER
rucl marc code BD-RjUL
005 - DATE AND TIME OF LATEST TRANSACTION
control field 20211209051924.0
008 - FIXED-LENGTH DATA ELEMENTS--GENERAL INFORMATION
fixed length control field 140429s1973 enka b 001 0beng d
020 ## - INTERNATIONAL STANDARD BOOK NUMBER
International Standard Book Number 0198231814
035 ## - SYSTEM CONTROL NUMBER
System control number (BD-RjUL)33043
040 ## - CATALOGING SOURCE
Original cataloging agency DLC
Transcribing agency DLC
Modifying agency DLC
-- OCoLC
-- BD-RjUL
Language of cataloging eng
041 ## - LANGUAGE CODE
Language code of text/sound track or separate title eng
082 00 - DEWEY DECIMAL CLASSIFICATION NUMBER
Classification number 297.4
Author mark and year GIS 1973
100 1# - MAIN ENTRY--PERSONAL NAME
Personal name Gilsenan, Michael.
9 (RLIN) 100158
245 10 - TITLE STATEMENT
Title Saint and Sufi in modern Egypt :
Remainder of title an essay in the sociology of religion /
Statement of responsibility, etc. by Michael Gilsenan,
260 ## - PUBLICATION, DISTRIBUTION, ETC. (IMPRINT)
Place of publication, distribution, etc. Oxford :
Name of publisher, distributor, etc. Clarendon Press,
Date of publication, distribution, etc. 1973.
300 ## - PHYSICAL DESCRIPTION
Pagination 248 p. :
Illustrations illus. ;
Size 23 cm.
350 ## - PRICE (NR) (BK AM CF MU VM SE) [OBSOLETE]
Price £4.75
490 0# - SERIES STATEMENT
Series statement Oxford monographs on social anthropology
504 ## - BIBLIOGRAPHY, ETC. NOTE
Bibliography, etc Include index and Bibliography: p. [242]-246.
600 10 - SUBJECT ADDED ENTRY--PERSONAL NAME
Personal name Rāḍī, Salāmah,
Dates associated with a name 1866 or 1867-1939.
650 #0 - SUBJECT ADDED ENTRY--TOPICAL TERM
Topical term or geographic name as entry element Shādhilīyah.
9 (RLIN) 100160
Topical term or geographic name as entry element Sufism
Geographic subdivision Egypt.
9 (RLIN) 100161
942 ## - ADDED ENTRY ELEMENTS (KOHA)
Source of classification or shelving scheme Dewey Decimal Classification
Koha item type Books
Holdings
Lost status Source of classification or shelving scheme Damaged status Not for loan Collection code Permanent Location Current Location Shelving location Date acquired Source of acquisition Cost, normal purchase price Total Checkouts Full call number Date last seen Copy number Koha item type
  Dewey Decimal Classification   Not For Loan Non-fiction Central Library, University of Rajshahi Central Library, University of Rajshahi Reading Room 05/10/1979 Heffers 4.75   297.4 GIS 1973 29/04/2014 C-1 Books